000 00245nam a2200085Ia 4500
245 0 _aWild River massacre
100 _a Curtis, Jack, Waterville, Me., 2009 Large print ed
_976704
942 _cBK
008 210817s9999 xx 000 0 und d
999 _c259703
_d259702